Membres du Clan Zenin connus dans Jujutsu Kaisen - Statistiques

Statistiques générales
  • Ce quiz a été pris 52 fois
  • Le résultat moyen est 6 sur 11
Statistiques - réponses
Membres connus du Clan Zenin % Correct
Maki Zenin
100%
Mai Zenin
95%
Toji Fushiguro
89%
Megumi Fushiguro
86%
Naoya Zenin
86%
Naobito Zenin
68%
Jinichi Zenin
35%
Ogi Zenin
32%
Ranta Zenin
27%
Chojuro Zenin
5%
Nobuaki Zenin
5%
Aucun quiz correspondant
Distribution des résultats
% des personnes avec chaque résultat
Percentile par nombre de réponses
Votre historique - résultats
Vous n’avez pas pris ce quiz